[Event "Polugaevsky Memorial 2018"]
[Site "Samara"]
[Date "2018.07.13"]
[Round "4"]
[White "Karpenko, Artem"]
[Black "Kulaev, Maxim"]
[Result "0-1"]
[WhiteElo "2383"]
[BlackElo "2075"]
[Annotator "NA"]
[PlyCount "102"]
[EventDate "2018.07.10"]
[EventType "swiss"]
[EventCountry "RUS"]
[SourceTitle "playchess.com"]
[Source "ChessBase"]
[SourceQuality "1"]
[TimeControl "40/5400+30:1800+30"]

1. d4 {[%emt 0:00:00]} Nf6 {[%emt 0:00:00]} 2. c4 {[%emt 0:00:03]} c5 {[%emt 0:00:17]} 3. d5 {[%emt 0:00:04]} e6 {[%emt 0:00:23]} 4. Nc3 {[%emt 0:00:05]} exd5 {[%emt 0:00:08]} 5. cxd5 {[%emt 0:00:01]} d6 {[%emt 0:00:13]} 6. Nf3 {[%emt 0:00:10]} g6 {[%emt 0:00:25]} 7. Nd2 {[%emt 0:00:14]} Bg7 {[%emt 0:10:25]} 8. Nc4 {[%emt 0:00:17]} O-O {[%emt 0:00:08]} 9. Bg5 {[%emt 0:00:06]} h6 {[%emt 0:03:06]} 10. Bf4 {[%emt 0:00:10]} Ne8 {[%emt 0:02:30] A61: Modern Benoni: Nf3 without early e4} 11. h4 {[%emt 0:00:40]} (11. Qd2 g5 12. Bg3 Bxc3 13. Qxc3 f5 14. h4 f4 15. Bh2 b5 16. Nd2 g4 17. e3 Nc7 18. Bxf4 Nxd5 {½-½ (34) Koegler,K (2557)-Mueller,G (2603) ICCF email 2008}) 11... b6 {[%emt 0:06:07]} 12. a4 {[%emt 0:05:54]} f5 $146 {[%emt 0:09:53]} ({Predecessor:} 12... Ba6 13. Nb5 Nd7 14. Qd2 Bxb5 15. axb5 Kh7 16. e4 Qe7 17. Bd3 f5 18. O-O fxe4 {1-0 (32) Shabalov,A (2501)-Hilby,C (2181) Philadelphia 2014}) 13. Qd2 {[%emt 0:03:01]} Kh7 {[%emt 0:00:44]} 14. Nb5 {[%emt 0:13:58]} Rf6 {[%emt 0:05:15]} (14... Nd7 $14) 15. Bg5 {[%emt 0:02:14]} a6 {[%emt 0:00:13]} 16. Bxf6 {[%emt 0:04:51]} Bxf6 {[%emt 0:00:12]} 17. Nc3 {[%emt 0:00:24]} Ra7 {[%emt 0:00:18]} 18. h5 {[%emt 0:03:35]} g5 {[%emt 0:02:13]} 19. e3 {[%emt 0:00:50]} Nd7 {[%emt 0:01:43]} 20. Qc2 {[%emt 0:02:15]} Ne5 {[%emt 0:00:54]} 21. Nxe5 {[%emt 0:00:34]} Bxe5 {[%emt 0:00:19]} 22. Bd3 {[%emt 0:00:43]} Ng7 {[%emt 0:00:49]} 23. g4 {[%emt 0:07:00]} Qf8 {[%emt 0:01:20]} 24. gxf5 {[%emt 0:02:29]} Nxf5 {[%emt 0:00:17]} 25. O-O-O {[%emt 0:01:47]} Kh8 {[%emt 0:00:20]} 26. Ne2 {[%emt 0:05:25]} Bg7 {[%emt 0:05:22]} 27. Rdf1 $11 {[%emt 0:08:27]} b5 {[%emt 0:10:58]} 28. Ng3 {[%emt 0:12:00]} Ne7 29. f4 {[%emt 0:06:24]} g4 {[%emt 0:01:25]} 30. e4 {[%emt 0:02:00]} bxa4 {[%emt 0:07:02]} 31. Bc4 {[%emt 0:01:15]} Rb7 {[%emt 0:10:22]} 32. e5 {[%emt 0:00:19]} Nf5 {[%emt 0:07:35]} 33. Nxf5 {[%emt 0:05:07]} Bxf5 {[%emt 0:00:01]} 34. Qc3 {[%emt 0:01:04]} Be4 {[%emt 0:09:06]} 35. Rh2 {[%emt 0:00:37]} Qf5 {[%emt 0:06:37]} 36. Qg3 Rb4 {[%emt 0:05:32]} 37. Be2 {[%emt 0:05:30]} Bf3 {[%emt 0:00:59]} 38. Bxf3 {[%emt 0:03:01]} Qd3 {[%emt 0:00:57]} 39. Rff2 {[%emt 0:01:25]} gxf3 {[%emt 0:00:36]} 40. Qg6 {[%emt 0:00:00]} Rc4+ {[%emt 0:00:00]} 41. Rc2 {[%emt 0:05:29]} Rxc2+ {[%emt 0:02:38]} 42. Rxc2 {[%emt 0:00:02]} Qf1+ {[%emt 0:00:11]} 43. Kd2 {[%emt 0:00:00]} Qe2+ {[%emt 0:00:58]} 44. Kc3 {[%emt 0:00:02]} Qe3+ {[%emt 0:01:01]} 45. Qd3 {[%emt 0:00:04]} Qxf4 46. Rd2 {[%emt 0:12:00]} Qxe5+ {[%emt 0:02:14]} 47. Kc2 {[%emt 0:00:01]} Qxb2+ {[%emt 0:00:13]} 48. Kd1 {[%emt 0:00:00]} Qa1+ 49. Kc2 f2 {[%emt 0:06:48]} 50. Rxf2 {[%emt 0:04:28]} Qb2+ {[%emt 0:00:04]} 51. Kd1 {[%emt 0:00:01]} Qxf2 {[%emt 0:00:07]} 0-1

[Event "Polugaevsky Memorial 2018"]
[Site "Samara"]
[Date "2018.07.13"]
[Round "4"]
[White "Demianjuk, Alexander"]
[Black "Fakhrutdinov, Timur"]
[Result "1-0"]
[WhiteElo "2348"]
[BlackElo "2460"]
[Annotator "RC"]
[PlyCount "53"]
[EventDate "2018.07.10"]
[EventType "swiss"]
[EventCountry "RUS"]
[SourceTitle "playchess.com"]
[Source "ChessBase"]
[SourceQuality "1"]
[TimeControl "40/5400+30:1800+30"]

1. d4 {[%emt 0:00:00]} Nf6 {[%emt 0:00:00]} 2. c4 {[%emt 0:00:00]} e6 {[%emt 0:00:00]} 3. g3 {[%emt 0:00:00]} Bb4+ {[%emt 0:00:04]} 4. Bd2 {[%emt 0:00:00]} Be7 {[%emt 0:00:06]} 5. Bg2 {[%emt 0:00:04]} d5 {[%emt 0:00:05]} 6. cxd5 {[%emt 0:00:10]} exd5 {[%emt 0:01:01]} 7. Nc3 {[%emt 0:00:07]} O-O {[%emt 0:05:39]} 8. Nh3 {[%emt 0:00:14]} c6 {[%emt 0:21:29]} 9. O-O {[%emt 0:00:47]} Ne8 {[%emt 0:00:13]} 10. Nf4 {[%emt 0:15:50]} Nd6 {[%emt 0:00:27]} 11. b3 {[%emt 0:01:39]} Nd7 {[%emt 0:06:48]} 12. Bc1 {[%emt 0:03:54]} Nf6 {[%emt 0:03:45]} 13. Bb2 {[%emt 0:05:12]} h5 {[%emt 0:03:00]} 14. f3 {[%emt 0:05:13]} Nf5 {[%emt 0:06:56]} 15. Qd3 {[%emt 0:04:27]} c5 {[%emt 0:27:41]} 16. Bh3 {[%emt 0:29:10]} g6 {[%emt 0:08:45]} 17. dxc5 {[%emt 0:02:19]} Bxc5+ {[%emt 0:05:39]} 18. Kh1 {[%emt 0:00:14]} Be6 {[%emt 0:03:17]} 19. Rad1 {[%emt 0:05:39]} Qe7 {[%emt 0:01:57]} 20. Na4 {[%emt 0:11:44]} b6 {[%emt 0:02:05]} 21. Nxc5 {[%emt 0:03:43]} bxc5 {[%emt 0:00:05]} 22. e4 {[%emt 0:01:04]} dxe4 {[%emt 0:00:45]} 23. Qc3 {[%emt 0:02:54]} Nd4 {[%emt 0:00:53]} 24. Bxe6 {[%emt 0:00:08]} exf3 {[%emt 0:00:47]} 25. Bc4 {[%emt 0:03:13]} Qb7 {[%emt 0:00:32]} 26. Rxd4 {[%emt 0:00:19]} cxd4 {[%emt 0:00:16]} 27. Qxd4 {[%emt 0:00:05]} 1-0

[Event "Polugaevsky Memorial 2018"]
[Site "Samara"]
[Date "2018.07.13"]
[Round "4"]
[White "Sidorov, Anatoly"]
[Black "Matinian, Nikita"]
[Result "1-0"]
[WhiteElo "2302"]
[BlackElo "2510"]
[Annotator "ChessBase"]
[PlyCount "63"]
[EventDate "2018.07.10"]
[EventType "swiss"]
[EventCountry "RUS"]
[SourceTitle "playchess.com"]
[Source "ChessBase"]
[SourceQuality "1"]
[TimeControl "40/5400+30:1800+30"]

1. Nf3 {[%emt 0:00:00]} g6 {[%emt 0:00:00]} 2. g3 {[%emt 0:00:57]} Bg7 {[%emt 0:00:00]} 3. d4 {[%emt 0:00:34]} Nf6 {[%emt 0:00:00]} 4. Bg2 {[%emt 0:00:15]} O-O {[%emt 0:00:03]} 5. O-O {[%emt 0:00:28]} d6 {[%emt 0:00:05]} 6. b3 {[%emt 0:03:53]} Nc6 {[%emt 0:00:40]} 7. Bb2 {[%emt 0:00:28]} e5 {[%emt 0:00:17]} 8. dxe5 {[%emt 0:01:04]} Ng4 {[%emt 0:00:11]} 9. Qc1 {[%emt 0:02:08]} dxe5 {[%emt 0:11:06]} 10. h3 {[%emt 0:09:58]} Nh6 11. Rd1 Bd7 {[%emt 0:13:11]} 12. Nbd2 {[%emt 0:07:55]} Qc8 {[%emt 0:21:06]} 13. Kh2 {[%emt 0:01:16]} f5 {[%emt 0:06:52]} 14. Ng5 {[%emt 0:20:14]} Qe8 {[%emt 0:11:07]} 15. Nc4 {[%emt 0:04:10]} Rd8 {[%emt 0:01:37]} 16. Ba3 {[%emt 0:00:56]} Rf6 {[%emt 0:02:32]} 17. Ne3 {[%emt 0:00:32]} Nf7 {[%emt 0:13:51]} 18. Nd5 {[%emt 0:01:16]} Nxg5 {[%emt 0:07:35]} 19. Qxg5 {[%emt 0:00:24]} Qf7 {[%emt 0:00:29]} 20. Nxf6+ {[%emt 0:17:54]} Bxf6 {[%emt 0:00:04]} 21. Qc1 {[%emt 0:00:15]} e4 {[%emt 0:00:33]} 22. Bb2 {[%emt 0:00:09]} Ne5 {[%emt 0:00:12]} 23. f4 {[%emt 0:01:04]} exf3 {[%emt 0:00:43]} 24. exf3 {[%emt 0:01:31]} Qg7 25. Rb1 {[%emt 0:01:05]} f4 {[%emt 0:09:40]} 26. Qxf4 g5 27. Qc1 {[%emt 0:05:55]} Qh6 {[%emt 0:01:01]} 28. f4 Ng4+ 29. Kg1 {[%emt 0:02:53]} Bxb2 {[%emt 0:00:55]} 30. Bd5+ {[%emt 0:01:03]} Kf8 {[%emt 0:00:36]} 31. Qxb2 {[%emt 0:00:16]} Nf6 {[%emt 0:00:33]} 32. Qa3+ {[%emt 0:01:09]} 1-0

[Event "Polugaevsky Memorial 2018"]
[Site "Samara"]
[Date "2018.07.13"]
[Round "4"]
[White "Skatchkov, Valery"]
[Black "Drygalov, Andrey"]
[Result "1/2-1/2"]
[WhiteElo "2287"]
[BlackElo "2439"]
[Annotator "NA"]
[PlyCount "81"]
[EventDate "2018.07.10"]
[EventType "swiss"]
[EventCountry "RUS"]
[SourceTitle "playchess.com"]
[Source "ChessBase"]
[SourceQuality "1"]
[TimeControl "40/5400+30:1800+30"]

1. d4 Nf6 {[%emt 0:00:51]} 2. c4 {[%emt 0:00:13]} g6 {[%emt 0:00:05]} 3. Nf3 Bg7 {[%emt 0:00:05]} 4. g3 {[%emt 0:00:30]} c6 5. Nc3 d5 {[%emt 0:00:15]} 6. cxd5 {[%emt 0:03:38]} cxd5 {[%emt 0:00:19]} 7. Bg2 {[%emt 0:00:32]} O-O {[%emt 0:00:06]} 8. O-O {[%emt 0:00:06]} e6 {[%emt 0:00:04]} 9. Ne5 {[%emt 0:02:01]} Nfd7 {[%emt 0:00:09]} 10. Nxd7 {[%emt 0:03:07]} Qxd7 {[%emt 0:03:20] D79: Fianchetto Grünfeld: Symmetrical Variation (6 0-0 c6 7 cxd5 cxd5)} (10... Bxd7 11. b3 Nc6 12. e3 Qa5 13. Bd2 Qa6 14. Qb1 Rac8 15. Rd1 Rfd8 16. a3 b6 17. b4 Ne7 18. b5 Qb7 19. Qd3 Nf5 20. a4 Be8 21. Na2 Nd6 22. Rac1 Rxc1 {½-½ (22) Tikkanen,H (2586)-L'Ami,E (2594) Stockholm 2012}) 11. e3 {[%emt 0:01:44]} Nc6 {[%emt 0:06:39]} 12. b3 {[%emt 0:00:58]} b6 {[%emt 0:03:44]} 13. Ba3 {[%emt 0:02:00]} Rd8 {[%emt 0:00:08]} 14. Qe2 {[%emt 0:00:28]} a5 $146 {[%emt 0:08:07]} ({Predecessor:} 14... Bb7 15. Rac1 Rac8 16. Rfd1 Nb8 17. Qd2 Ba6 18. Ne2 Rc6 {½-½ (18) Schenderowitsch,M (2286)-Mueller,R (2412) Germany 2013}) 15. Rfd1 {[%emt 0:00:48]} Ba6 {[%emt 0:00:39]} 16. Qe1 {[%emt 0:00:48]} Nb4 {[%emt 0:05:25]} 17. Bxb4 {[%emt 0:05:25]} axb4 {[%emt 0:01:08]} 18. Na4 {[%emt 0:08:57]} Qd6 {[%emt 0:01:24]} 19. Bf1 {[%emt 0:01:45]} Bb7 {[%emt 0:04:39]} 20. Rac1 {[%emt 0:06:59]} Bc6 21. Nxb6 {[%emt 0:01:39]} Rxa2 {[%emt 0:16:19]} 22. Rd2 {[%emt 0:01:52]} Ra3 {[%emt 0:15:41]} 23. Qd1 {[%emt 0:03:46]} Rb8 {[%emt 0:06:01]} 24. Na4 {[%emt 0:01:05]} Bf8 {[%emt 0:01:24]} 25. Nc5 {[%emt 0:00:40]} Rba8 {[%emt 0:03:08]} 26. Rdc2 {[%emt 0:00:41]} Be8 {[%emt 0:00:35]} 27. h4 {[%emt 0:03:09]} Qb6 $11 {[%emt 0:03:12]} 28. h5 {[%emt 0:00:33]} Qa7 {[%emt 0:02:01]} 29. Bh3 {[%emt 0:10:58]} Qb6 {[%emt 0:04:50]} 30. Kh2 Ra2 {[%emt 0:02:28]} 31. Rxa2 {[%emt 0:16:37]} Rxa2 32. Nd3 Bb5 {[%emt 0:03:27]} 33. Kg2 {[%emt 0:00:49]} Bxd3 {[%emt 0:02:58]} 34. Qxd3 {[%emt 0:00:16]} Qa6 {[%emt 0:00:09]} 35. Qxa6 {[%emt 0:00:39]} Rxa6 {[%emt 0:00:04]} 36. hxg6 {[%emt 0:00:05]} hxg6 {[%emt 0:00:03]} 37. Bg4 {[%emt 0:00:11]} Ra2 {[%emt 0:00:09]} 38. Kf1 {[%emt 0:00:45]} Rb2 {[%emt 0:00:40]} 39. Bd1 {[%emt 0:00:06]} Ra2 {[%emt 0:00:05]} 40. Rc2 {[%emt 0:00:00]} Rxc2 {[%emt 0:00:00]} 41. Bxc2 {[%emt 0:00:30]} 1/2-1/2

[Event "Polugaevsky Memorial 2018"]
[Site "Samara"]
[Date "2018.07.13"]
[Round "4"]
[White "Tsybikov, Tumen"]
[Black "Kopylov, Alexander A"]
[Result "0-1"]
[WhiteElo "2240"]
[BlackElo "2431"]
[Annotator "TA"]
[PlyCount "33"]
[EventDate "2018.07.10"]
[EventType "swiss"]
[EventCountry "RUS"]
[SourceTitle "playchess.com"]
[Source "ChessBase"]
[SourceQuality "1"]

{[%evp 18,20,37,42,38]} 1. e4 e5 2. Nf3 Nc6 3. Bc4 Nf6 4. d3 Be7 5. O-O O-O 6. Re1 d6 7. a4 h6 8. a5 {C55: Two Knights: 4 d3, 4 d4 exd4 5 e5 and Max Lange Attack} (8. c3 a6 9. Nbd2 Be6 10. Qc2 Qd7 11. b4 Nh7 12. Bxe6 fxe6 13. Bb2 b6 14. b5 axb5 15. axb5 Na5 16. c4 {½-½ (54) So,W (2812)-Ivanchuk,V (2738) Leuven 2017}) 8... a6 9. c3 Nh7 10. Nbd2 {LiveBook: 29 Games} Ng5 {[%mdl 32768] Loss on Time!?} {Predecessor:} 11. h3 $146 Kh8 12. d4 f5 13. dxe5 Nxe5 14. Nxe5 dxe5 15. exf5 Bxf5 16. Nf1 Qxd1 17. Rxd1 {½-½ (97) Antoniewski,R (2585)-Buhmann,R (2606) Germany 2012} 0-1

[Event "Polugaevsky Memorial 2018"]
[Site "Samara"]
[Date "2018.07.13"]
[Round "4"]
[White "Gitelson, Arkady"]
[Black "Lugovskoy, Maxim"]
[Result "1/2-1/2"]
[WhiteElo "2099"]
[BlackElo "2391"]
[Annotator "NA"]
[PlyCount "130"]
[EventDate "2018.07.10"]
[EventType "swiss"]
[EventCountry "RUS"]
[SourceTitle "playchess.com"]
[Source "ChessBase"]
[SourceQuality "1"]
[TimeControl "40/5400+30:1800+30"]

1. e4 {[%emt 0:07:04]} e6 {[%emt 0:00:00]} 2. d4 d5 {[%emt 0:00:00]} 3. Nc3 {[%emt 0:00:09]} Bb4 {[%emt 0:00:00]} 4. e5 c5 {[%emt 0:00:00]} 5. dxc5 {[%emt 0:00:05]} Nc6 {[%emt 0:07:34]} 6. Nf3 {[%emt 0:00:51] C17: French: 3 Nc3 Bb4 4 e5 c5 sidelines} Nh6 {[%emt 0:08:56]} (6... Nge7 7. Bd3 Ng6 8. O-O O-O 9. Bg5 Qa5 10. Bd2 Qxc5 11. a3 Bxc3 12. Bxc3 Qe7 13. Re1 Rd8 14. Bd4 b6 15. c3 Bb7 {½-½ (66) Hovhannisyan,R (2631)-Martirosyan,H (2516) Yerevan 2017}) 7. Bd3 {[%emt 0:04:07]} Ng4 {[%emt 0:09:26]} 8. O-O {[%emt 0:06:10]} Ngxe5 {[%emt 0:02:41]} 9. Nxe5 {[%emt 0:00:06]} Nxe5 {[%emt 0:00:03]} 10. Bf4 {[%emt 0:00:04]} Bxc3 {[%emt 0:15:03]} 11. bxc3 {[%emt 0:00:12]} Qf6 {[%emt 0:02:30]} (11... Nxd3 $11 {hält das Gleichgewicht.} 12. cxd3 O-O) 12. Bb5+ {[%emt 0:05:15]} Bd7 {[%emt 0:03:50]} 13. Bxd7+ $146 {[%emt 0:00:18]} ({White should try Predecessor:} 13. Bxe5 $1 $16 Qxe5 14. Bxd7+ Kxd7 15. Rb1 Rab8 {1-0 (36) Grabliauskas,V (2442)-Kroll,O (2456) ICCF email 2002}) 13... Nxd7 {[%emt 0:01:24]} 14. Bd6 {[%emt 0:04:33]} Qxc3 {[%emt 0:02:02]} 15. Qe2 {[%emt 0:06:50]} a6 {[%emt 0:13:26]} 16. Rad1 {[%emt 0:07:20]} Qc4 {[%emt 0:01:47]} 17. Qe3 {[%emt 0:04:19]} Nf6 {[%emt 0:02:17] [#]} 18. Rd4 $1 {[%emt 0:10:51]} Qxc2 {[%emt 0:05:51] [#]} ({But not} 18... Qxa2 $2 19. Rb4 $18) (18... Qb5 $16 {was called for.}) 19. Rb4 $1 {[%emt 0:11:21]} d4 $18 {[%emt 0:16:30]} 20. Qxd4 {[%emt 0:03:55]} O-O-O {[%emt 0:01:48]} 21. Rc4 {[%emt 0:10:41]} e5 {[%emt 0:01:48]} 22. Qh4 {[%emt 0:04:32]} Qf5 {[%emt 0:08:02]} 23. Qg3 {[%emt 0:07:20]} Qd7 24. Rb1 Nd5 {[%emt 0:02:54]} 25. Qxe5 {[%emt 0:04:15]} Qc6 26. Qf5+ {[%emt 0:03:44]} Rd7 {[%emt 0:01:00]} 27. Rd4 {[%emt 0:00:11]} Nc3 {[%emt 0:03:31]} 28. Re1 {[%emt 0:00:21]} Nb5 29. Rd3 {[%emt 0:01:06]} g6 {[%emt 0:00:53]} 30. Qh3 f5 {[%emt 0:00:44]} 31. Qg3 {[%emt 0:07:43]} Rhd8 {[%emt 0:00:11]} 32. h4 Nxd6 {[%emt 0:00:35]} 33. cxd6 {[%emt 0:00:58]} Kb8 34. Red1 Qa4 {[%emt 0:00:46]} 35. a3 {[%emt 0:04:08]} Re8 {[%emt 0:00:34]} 36. Rc1 Qg4 {[%emt 0:03:00]} 37. Qxg4 {[%emt 0:04:15]} fxg4 {[%emt 0:00:05]} 38. Rc4 {[%emt 0:00:23]} h5 {[%emt 0:00:07]} 39. Kh2 {[%emt 0:00:58]} Re6 {[%emt 0:00:32]} 40. Rcd4 b6 {[%emt 0:00:00]} 41. Rd1 {[%emt 0:00:58]} Kb7 {[%emt 0:01:24]} 42. R4d2 {[%emt 0:00:04]} b5 {[%emt 0:01:23]} 43. Kg3 {[%emt 0:01:50]} Kc6 {[%emt 0:00:14]} 44. Rc2+ {[%emt 0:00:04]} Kb6 {[%emt 0:00:02]} 45. Rcd2 {[%emt 0:00:33]} Re4 46. Rd3 Kc6 {[%emt 0:03:51]} 47. Rc1+ {[%emt 0:03:31]} Rc4 {[%emt 0:00:53]} 48. Rcd1 {[%emt 0:00:03]} Rc2 {[%emt 0:01:10]} 49. f3 {[%emt 0:02:35]} Rc4 50. R1d2 gxf3 {[%emt 0:03:48]} 51. gxf3 {[%emt 0:01:06]} Kb6 {[%emt 0:07:01]} 52. Re2 {[%emt 0:02:18]} Kc6 {[%emt 0:00:38]} 53. Re6 {[%emt 0:03:13]} Rc1 54. Kf4 {[%emt 0:04:59]} Rf7+ {[%emt 0:02:19]} 55. Kg5 {[%emt 0:03:08]} Kd7 {[%emt 0:04:28]} 56. Rxg6 Rc4 57. Kxh5 {[%emt 0:05:16]} Rh7+ {[%emt 0:02:37]} 58. Kg5 {[%emt 0:00:18]} Rcxh4 {[%emt 0:00:38]} 59. Kf5 Rf7+ {[%emt 0:00:56]} 60. Rf6 {[%emt 0:04:50]} Rf4+ {[%emt 0:01:06]} 61. Kxf4 Rxf6+ {[%emt 0:00:15]} 62. Ke5 {[%emt 0:00:23]} Re6+ {[%emt 0:00:04]} 63. Kf5 {[%emt 0:00:03]} Rxd6 {[%emt 0:00:23]} 64. Rxd6+ {[%emt 0:00:03]} Kxd6 {[%emt 0:00:07]} 65. Ke4 {[%emt 0:00:03]} a5 {[%emt 0:00:54]} 1/2-1/2

[Event "Polugaevsky Memorial 2018"]
[Site "Samara"]
[Date "2018.07.14"]
[Round "5"]
[White "Shaposhnikov, Evgeny"]
[Black "Sidorov, Anatoly"]
[Result "1-0"]
[WhiteElo "2572"]
[BlackElo "2302"]
[Annotator "TA"]
[PlyCount "67"]
[EventDate "2018.07.10"]
[EventType "swiss"]
[EventCountry "RUS"]
[SourceTitle "playchess.com"]
[Source "ChessBase"]
[SourceQuality "1"]

{[%evp 10,67,35,23,47,39,59,66,64,49,60,58,145,152,154,145,143,135,137,138,144,135,159,144,184,175,226,166,320,333,443,442,433,401,432,422,408,352,430,387,387,391,391,395,392,389,393,334,350,349,350,345,341,330,332,275,362,362,347,347]} 1. Nf3 Nf6 2. c4 b6 3. g3 Bb7 4. Bg2 g6 5. d4 {[%cal Bd2d4,Bd4d5][%mdl 32]} Bg7 6. O-O {LiveBook: 619 Games} Qc8 $146 {A50: Queen's Fianchetto Defence (1 d4 Nf6 2 c4 b6)} ({Predecessor:} 6... O-O 7. Qd3 c5 8. d5 b5 9. cxb5 Bxd5 10. Nc3 Bb7 11. e4 a6 12. Re1 d6 13. e5 dxe5 14. Qxd8 Rxd8 15. Nxe5 Bxg2 16. Kxg2 axb5 17. Nxb5 {0-1 (30) Kramnik,V (2800)-Artemiev,V (2697) Moscow 2018}) 7. d5 Na6 8. Nc3 Nc5 {White is slightly better.} 9. Qc2 c6 {[%cal Rc6d5]} 10. e4 {[%cal Be2e4,Be4e5][%mdl 32]} Ng4 ({Better is} 10... cxd5 $14 11. exd5 O-O) 11. h3 $16 Nh6 12. Bf4 f6 13. e5 {Black must now prevent exf6.} O-O 14. Rfe1 Nf7 15. Rad1 Re8 16. b4 {[%cal Bb2b4,Bb4c5][%mdl 32]} Na6 17. Qb3 $36 {[%mdl 2048] Black is under strong pressure.} Nc7 (17... c5 {might work better.}) 18. h4 c5 $2 {[#]} (18... fxe5 19. Nxe5 cxd5) 19. bxc5 $18 Na6 20. e6 dxe6 21. c6 e5 22. cxb7 Qxb7 23. Be3 Qc8 24. Ne4 Nd6 25. Nfd2 f5 26. Ng5 Bf6 27. Ne6 Nc7 28. Bg5 Nxe6 29. dxe6 Bxg5 30. hxg5 e4 31. f3 {[%cal Bf2f3,Bf3e4][%mdl 32]} Qc5+ 32. Qe3 Rac8 33. Qxc5 Rxc5 34. fxe4 {Precision: White = 76%, Black = 40%.} 1-0

[Event "Polugaevsky Memorial 2018"]
[Site "Samara"]
[Date "2018.07.14"]
[Round "5"]
[White "Matinian, Nikita"]
[Black "Demianjuk, Alexander"]
[Result "1/2-1/2"]
[WhiteElo "2510"]
[BlackElo "2348"]
[Annotator "TA"]
[PlyCount "72"]
[EventDate "2018.07.10"]
[EventType "swiss"]
[EventCountry "RUS"]
[SourceTitle "playchess.com"]
[Source "ChessBase"]
[SourceQuality "1"]

{[%evp 30,72,56,23,24,30,29,20,28,23,41,37,31,0,7,0,6,-96,-81,-83,0,0,0,0,0,-26,0,0,0,0,0,0,0,0,0,0,0,0,0,0,0,0,0,0,0]} 1. e4 c5 2. Nf3 d6 3. d4 cxd4 4. Nxd4 Nf6 5. Nc3 Nc6 6. Bg5 e6 7. Qd2 a6 8. O-O-O Bd7 9. f4 b5 10. Bxf6 gxf6 11. Kb1 Qb6 12. Nxc6 Bxc6 13. f5 b4 {B67: Sicilian: Richter-Rauzer: 7...a6 8 0-0-0 Bd7, lines without 9 f4 Be7} 14. Ne2 {[%cal Bc3e2,Be2g3,Bg3f1,Bf1d2,Bd2b3][%mdl 32]} e5 15. Ng3 h5 {[%cal Bh7h5,Bh5h4][%mdl 32]} 16. Bc4 {LiveBook: 9 Games} Qc5 17. Qd3 h4 18. Nf1 Bh6 19. Nd2 {[#] Black must now prevent Nb3.} ({Don't play} 19. Qxd6 Qxd6 20. Rxd6 Bxe4 $17) ({But not} 19. Bxa6 Rg8 $17) 19... Rd8 $146 ({Predecessor:} 19... Bb5 20. Qb3 Ra7 21. Bxb5+ axb5 {½-½ (32) Ly,M (2480)-Nijboer,F (2545) Amsterdam 2016}) 20. Nb3 Qb6 21. Bxa6 d5 22. exd5 Bxd5 23. Rhg1 {[#]} (23. Rhe1 $1 $11 {keeps the balance.}) 23... Ke7 $1 $17 24. Qe2 Rd6 (24... Be3 $17 25. Rgf1 Rhg8) 25. Bc4 Bxc4 26. Qxc4 Rhd8 27. Qg4 Rxd1+ 28. Rxd1 {The position is equal.} Rxd1+ 29. Qxd1 Qf2 30. a4 Qxg2 31. Qe1 Qxh2 {Threatens to win with ...Kf8.} 32. Qxb4+ Ke8 $1 33. Qb8+ Ke7 34. Qb4+ Ke8 $1 35. Qb8+ Ke7 36. Qb4+ Ke8 $1 {Precision: White = 57%, Black = 76%.} 1/2-1/2

[Event "Polugaevsky Memorial 2018"]
[Site "Samara"]
[Date "2018.07.14"]
[Round "5"]
[White "Drygalov, Andrey"]
[Black "Tsybikov, Tumen"]
[Result "1-0"]
[WhiteElo "2439"]
[BlackElo "2240"]
[Annotator "TA"]
[PlyCount "86"]
[EventDate "2018.07.10"]
[EventType "swiss"]
[EventCountry "RUS"]
[SourceTitle "playchess.com"]
[Source "ChessBase"]
[SourceQuality "1"]

{[%evp 14,86,25,18,22,25,22,28,55,16,31,19,52,52,52,52,55,46,138,73,68,74,144,148,134,128,182,178,167,131,133,123,127,83,89,97,114,85,80,85,118,102,93,83,145,85,82,71,129,115,159,148,207,208,358,250,315,290,425,418,413,362,339,297,287,285,294,279,298,291,292,286,344,308,377]} 1. e4 c5 2. Nf3 d6 3. Bb5+ Nd7 4. O-O a6 5. Bd3 Ngf6 6. Re1 {B51: Sicilian: Moscow Variation (3 Bb5+) without 3...Bd7} (6. c3 b5 7. a4 c4 8. Be2 Bb7 9. axb5 axb5 10. Rxa8 Bxa8 11. Na3 Bxe4 12. Nxb5 d5 {1-0 (28) Svidler,P (2753)-Nepomniachtchi,I (2757) Jerusalem 2018}) 6... e6 7. c3 Be7 8. Bc2 {LiveBook: 13 Games. White has an edge.} O-O 9. d4 cxd4 10. cxd4 e5 11. b3 $146 {[%cal Bb2b3,Bb3b4][%mdl 32]} ({Predecessor:} 11. Nc3 b5 12. Ne2 Re8 13. Ng3 {1-0 (31) Mora Moron,J (2163)-Bobadilla Viera,J (2259) Porlamar 2016}) 11... Re8 12. Bb2 Qc7 13. Nbd2 Bf8 14. Rc1 b5 15. b4 $36 {[%mdl 2048] White has some pressure.} Nb6 (15... Qd8 $14) 16. a4 (16. Bb3 $142 Qb8 17. a3) 16... Qb8 $16 17. a5 Nc4 (17... Nbd7 $142) 18. Nxc4 bxc4 19. dxe5 Qxb4 (19... dxe5 $16 20. Ba4 Re6) 20. exf6 $18 Qxb2 21. Ba4 Rd8 22. fxg7 Bxg7 23. Rxc4 Be6 24. Rc1 h6 25. Bc6 Rac8 26. Qd3 Qb4 27. Bd5 Bxd5 28. Qxd5 Bc3 {[#]} (28... Rc5 $142 29. Rxc5 Qxc5) 29. Red1 (29. Qf5 $142 $1) 29... Qxa5 $16 30. Qd3 Rc5 ({Better is} 30... Bg7) 31. Nh4 Bf6 {And now ...Rxc1 would win.} 32. Nf5 Kh7 (32... Rxc1 $16 {was necessary.} 33. Rxc1 Bg7) 33. Qh3 Bg5 (33... Bg7 $142 34. Qg4 Rg8) 34. Ra1 Qb6 {Now ...d5 and Black clings on.} 35. Qh5 Qc7 (35... Rc7 $142 36. Qf3 Qb2) 36. h4 $18 Bf4 37. Rxa6 Rc1 38. Ra1 {White has a decisive advantage.} Rxa1 39. Rxa1 {aiming for g3.} Rg8 40. Rd1 Rg6 41. Qf3 Be5 42. g3 Qc3 43. Kg2 Qc4 {Precision: White = 73%, Black = 32%.} 1-0